| 000 | 00733nas a2200241 4500 | ||
|---|---|---|---|
| 001 | BR0702823 | ||
| 003 | BR-BrBNA | ||
| 005 | 20231205110830.0 | ||
| 007 | ta | ||
| 008 | 230509b bl.|||p| |||| 00| 00por d | ||
| 040 |
_aBR-BrBNA _bpor _cBiblioteca Nacional de Agricultura |
||
| 041 | _a(Pt) | ||
| 072 | _aE70 | ||
| 100 | 1 | _aLopes, M. de R. | |
| 245 | 1 | _aOs painéis de oleaginosas no GATT e a soja brasileira | |
| 650 | _aSOJA | ||
| 650 | _aGATT | ||
| 650 | _aMERCADO | ||
| 773 | 0 |
_tRevista de Política Agrícola (Brazil) _xISSN 1413-4969 _g(1992), v. 1(4) p. 17-19 _wBR0702823 |
|
| 856 | 4 |
_uRev_Pol_Agr_v1_n4-1992.pdf#page=18 _yRecurso eletrônico (PDF) |
|
| 909 |
_a202311 _bLúcia _c55 _dLúcia Elande |
||
| 942 |
_2AGRIS _n0 _cANA |
||
| 999 |
_c189326 _d189326 |
||